Grupy turnieju Rugby 7 mężczyzn IO w Paryżu - Statystyki

Ogólne statystyki
  • Ten quiz został rozwiązany 13 razy
    11 od ostatniego zresetowania
  • Średni wynik to 8 z 12
Statystyki odpowiedzi
% Poprawnych
Fidżi
90%
Francja
90%
Australia
80%
Nowa Zelandia
80%
Republika Południowej Afryki
80%
Irlandia
70%
Stany Zjednoczone
70%
Japonia
50%
Argentyna
40%
Samoa
40%
Urugwaj
40%
Kenia
30%
Nie znaleziono quizów pasujących do podanych kryteriów
Rozkład punktacji
Procent ludzi z każdym wynikiem
Percentyl według liczby udzielonych odpowiedzi
Twoja historia wyników
Nie rozwiązałeś tego quizu od ostatniego zresetowania